Analýza kumarínov metódou vysokoúčinnej kvapalinovej chromatografie s využitím polymérov s odtlačkami molekúl

Enregistré dans:
Détails bibliographiques
Auteur principal: Spevak, Andrea
Format: Logiciel Livre
Langue:slovaque
Publié: Bratislava STU FCHPT 2011
Accès en ligne:Voir à l'OPAC
Tags: Ajouter un tag
Pas de tags, Soyez le premier à ajouter un tag!

MARC

LEADER 00000nam a2200000 a 4500
005 20260127133936.0
007 co ugu macba
008 110919 2011 xo 000 0 slo d
035 |a vtls010311689 
039 9 |y 201109190910  |z mschk03 
040 |a STUSCHK1  |b slo  |c STUSCHK1  |e AACR2 
100 1 |a Spevak, Andrea 
245 1 |a Analýza kumarínov metódou vysokoúčinnej kvapalinovej chromatografie s využitím polymérov s odtlačkami molekúl  |c Andrea Spevak 
260 |a Bratislava  |b STU FCHPT  |c 2011 
300 |a 1 elektronický disk 
500 |a Obháj.: 11.7. 2010 
500 |a Študijný program: chemické technológie 
500 |a Kombinácia študijných odborov: 4.1.14 chémia, 5.2.18 chemické technológie 
500 |a Bakalárska práca na CD-ROMe 
500 |a FCHPT, Oddelenie analytickej chémie 
500 |a Evidenčné číslo: 5427-58221 
910 |a SCHK95 
999 |c 544  |d 544